| 000 | 01041nmc a2200325 a 4500 | ||
|---|---|---|---|
| 003 | AR-BaBNM | ||
| 005 | 20251128202952.0 | ||
| 008 | 011101s1992 ||||||||||||||000 | spa|| | ||
| 040 | _cAR-BaBNM | ||
| 245 | 1 | 0 |
_aEducación de la sexualidad _bdocumentos de apoyo para una reflexión integral |
| 260 |
_aBuenos Aires _bMinisterio de Cultura y Educación de la Nación _c1992 |
||
| 300 | 0 |
_a72 p. _btablas |
|
| 490 | 0 |
_aEducación y problemas sociales _vv. 2 |
|
| 500 | 0 | _aContiene referencias bibliográficas al final de cada capítulo | |
| 650 | 4 | _aSEXUALIDAD | |
| 650 | 4 | _aCOMPORTAMIENTO SEXUAL | |
| 650 | 4 | _aEDUCACION SEXUAL | |
| 650 | 4 | _aDISCRIMINACION SEXUAL | |
| 653 | 0 | _aTEMAS TRANSVERSALES | |
| 700 | 1 | _aSalonia, Antonio Francisco | |
| 700 | 1 | _aParrilla, Luis | |
| 700 | 1 | _aRobles Gorriti, Carlos J. | |
| 700 | 1 | _aPochelú, Alicia | |
| 700 | 1 | _aFabbri, Enrique | |
| 700 | 1 | _aSembom, Rubén | |
| 700 | 1 | _aMartín, Orlando R. | |
| 800 | 1 |
_aBalian de Tagtachian, Beatriz _edirector |
|
| 942 | _cBK | ||
| 998 | _cSILVI | ||
| 999 |
_c1315 _d1315 |
||